000 00635nam a2200205Ii 4500
003 JO-AjNU
008 230605s9999||||xx |||||||||||||| ||und||
040 _aJO-AjNU
_bara
_erda
_cJO-AjNU
041 _aara
050 1 4 _aPJ7862.A53.A16 1981
100 3 _aتأليف بركات،سليم,
_eauthor
_914820
245 0 0 _aالمجموعات الخمس
250 _aط2
264 3 1 _aبيروت: منشورات فلسطين المحتلة، 1981
300 _a316ص
336 _atext
_btxt
_2rdacontent
337 _aunmediated
_bn
_2rdamedia
338 _avolume
_bnc
_2rdacarrier
650 4 _aالأدب العربي - قصص
_914821
999 _aA4042
_c7610
_d7610